| 000 | 00417 a2200145 4500 | ||
|---|---|---|---|
| 003 | OSt | ||
| 005 | 20240905151818.0 | ||
| 008 | 240131b |||||||| |||| 00| 0 eng d | ||
| 040 | _coclc | ||
| 082 |
_a297.122 _bKAT/T |
||
| 100 |
_aKathir,Ibn _910516 |
||
| 245 |
_aTAFSIR AL QURAN AL ADHEEM / IBN KATHIR VOL-3 _cIbn Kathir |
||
| 300 | _a769p. | ||
| 942 |
_2ddc _cBK _h297.122 _k297.122 _iKAT/T _mKAT/T |
||
| 999 |
_c43361 _d43361 |
||